|
|
|
|
| LEADER |
00000nam a2200000 a 4500 |
| 001 |
UCG4788 |
| 003 |
CL-VaPUC |
| 008 |
101202e20080000CL |||||||||||||||||spa|d |
| 082 |
0 |
4 |
|a 379.83
|b MIN
|2 21
|
| 110 |
2 |
|
|a Ministerio de Educación
|e author
|9 554233
|
| 710 |
2 |
|
|a MINEDUC
|e author
|9 554234
|
| 245 |
1 |
0 |
|a Análisis del Sistema Escolar desde la persectiva de género 2008
|
| 250 |
|
|
|a 1a. ed
|
| 300 |
|
|
|a 60 p
|
| 942 |
|
|
|c BK
|
| 945 |
|
|
|d 20101202 00:00:00
|a cmena
|
| 260 |
|
|
|a Santiago
|b Mineduc
|c 2008
|
| 650 |
|
0 |
|a Igualdad de oportunidades
|9 331873
|
| 650 |
|
7 |
|a POLITICAS EDUCACIONALES
|2 CL-VaPUC
|9 554235
|
| 650 |
|
0 |
|a Gobierno y educación
|9 463365
|
| 650 |
|
0 |
|a Políticas públicas
|9 309677
|
| 650 |
|
0 |
|a Mujeres
|9 257649
|
| 650 |
|
7 |
|a FUERZA LABORAL
|2 CL-VaPUC
|9 391876
|
| 651 |
|
7 |
|a CHILE
|2 CL-VaPUC
|9 554236
|
| 583 |
|
|
|a last modification
|c 20101202 00:00:00
|k Rodrigo Vera
|
| 999 |
|
|
|c 343422
|d 343420
|
| 952 |
|
|
|0 0
|1 0
|4 0
|6 379_830000000000000_MIN_2008
|7 0
|8 A
|9 440717
|a BIBEDU
|b BIBEDU
|d 2019-11-22
|i 4740858
|o 379.83 MIN 2008
|p 4740858
|r 2019-11-22
|w 2019-11-22
|y BK
|k EPE
|